| 000 | 00780nam a2200253 a 4500 | ||
|---|---|---|---|
| 001 | 000020780 | ||
| 003 | OSt | ||
| 005 | 20230712140757.0 | ||
| 008 | 100817s2015 dr 000 0 spa d | ||
| 020 | _a9789945588514 | ||
| 040 |
_aDO-SdBNP _bspa _cBNPHU _erda |
||
| 082 | 4 |
_aRD861.5 _bU42c _222 |
|
| 100 | 1 |
_aUlloa, Andrés _943555 |
|
| 245 | 1 | 0 |
_aChrysanthemum : _bpoemario / _cAndrés Ulloa. |
| 260 |
_aSanto Domingo : _bRumbo Norte, _c2015. |
||
| 300 |
_a113 p. ; _c23 cm. |
||
| 500 | _aIncluye datos biográficos del autor en las solapas | ||
| 500 | _aIncluye referencias bibliográficas y notas al pie de las páginas | ||
| 590 | _aInventariado, 2020/ YL | ||
| 650 | 4 | _aPoesía dominicana | |
| 650 | 4 | _aLiteratura dominicana | |
| 910 | _aYLockward | ||
| 942 |
_2ddc _cLBS1 |
||
| 999 |
_c20284 _d20284 |
||